000 00680nam a22001937a 4500
999 _c17507
_d17507
003 AR-CdUCM
008 190508b ||||| |||| 00| 0 spa d
040 _aMUNICIPALIDAD PROVINCIAL DEL CUSCO
_cBIBLIOTECA MUNICIPAL DEL CUSCO
082 _a121 /
_bA93
100 _aAyer, A. J.
_937555
245 _aEl problema del conocimiento /
260 _aBuenos Aires :
_bEudeba,
_c1962.
300 _a271 páginas ;
_c19 cm.
440 _aColección ensayos.
_914886
505 _aContenido :Filosofía y conocimiento -- Escepticismo y certidumbre -- La percepción -- La memoria -- Yo y os demás ...
650 _aFilosofía.
_9395
942 _2ddc
_cLIBROS
945 _arum
_d2019-05-08